000 00399nam a22001577a 4500
003 PILC
005 20151104120756.0
008 151104b xxu||||| |||| 00| 0 eng d
020 _a9780099768210
050 _aPS 3569 .M878 1997
100 _aMorrison, Toni
245 _aParadise
_cby Toni Morrison
260 _aLondon :
_bVintage
_c1997
300 _a317 pages.,
_c20 cm.
942 _2lcc
_cBK
999 _c288884
_d288884